| 000 | 00373cam a2200145ua 4500 | ||
|---|---|---|---|
| 003 | OSt | ||
| 008 | 250106b |||||||| |||| 00| 0 eng d | ||
| 041 | _aeng | ||
| 082 |
_a621.31042 _bBIM/GE |
||
| 100 |
_aBhimbra, P S . _96795 |
||
| 245 | _aGeneralized theory of electrical machines / | ||
| 260 |
_aDelhi : _bKhanna publishers , _c1996. |
||
| 300 | _a1151 ; . | ||
| 942 | _cBK | ||
| 999 |
_c7395 _d7395 |
||